000 00251nam a2200109Ia 4500
008 231212s1983 xx 000 0 und d
041 _aeng
082 _a491.93
100 _aThakur Gopal
245 _aBhagat Singh
260 _aNew Delhi
_bMascow
_c1983
999 _c958596
_d958596